Analyzovanie polohy vozidla pomocou GNSS jednotiek

Salvato in:
Dettagli Bibliografici
Autore principale: Parajka, Dominik (Autore)
Altri autori: Milesich, Tomáš (Relatore della tesi)
Natura: Manoscritto Libro
Lingua:slovacco
Pubblicazione: 2024
Soggetti:
Accesso online:http://is.stuba.sk/zp/portal_zp.pl?podrobnosti=178454
Tags: Aggiungi Tag
Nessun Tag, puoi essere il primo ad aggiungerne!!

MARC

LEADER 00000ntm a22000003a 4500
001 stuzp100590
003 SK-STU
005 20250226095940.6
007 ta
008 150427s2015----xo-----f-mn---000-0-slo-d
040 |a STU  |b slo 
041 0 |a slo 
100 1 |a Parajka, Dominik  |u 020030  |4 aut  |U SjF Strojnícka fakulta  |T SjF Ústav automobilového inžinierstva a konštruovania  |X 103987  |U J0030  |Y 806  |7 103987 
242 0 1 |a Analysing vehicle position using GNSS units  |y eng 
245 1 0 |a Analyzovanie polohy vozidla pomocou GNSS jednotiek 
260 |c 2024 
650 4 |a GNSS  |2 slo 
650 4 |a GPS  |2 slo 
650 4 |a poloha vozidla  |2 slo 
650 4 |a GNSS  |2 eng 
650 4 |a GPS  |2 eng 
650 4 |a vehicle position  |2 eng 
700 1 |a Milesich, Tomáš  |u 020030  |k Z1  |4 ths  |U SjF Strojnícka fakulta  |T SjF Ústav automobilového inžinierstva a konštruovania  |X 49630  |U J0030  |Y 806  |7 A000049630 
856 4 |u http://is.stuba.sk/zp/portal_zp.pl?podrobnosti=178454 
996 |b 284J047703  |c J* 3799/DDP  |l JJSK  |s A  |a 24  |w stuzp100590_0001